[Event "IOM Open-Masters 2017"]
[Site "Douglas"]
[Date "2017.09.29"]
[Round "7"]
[White "Lubbe, Nikolas"]
[Black "Roberson, Peter T"]
[Result "1/2-1/2"]
[WhiteElo "2515"]
[BlackElo "2403"]
[Annotator "TA"]
[PlyCount "148"]
[EventDate "2017.??.??"]
[EventType "swiss"]
[EventCountry "GBR"]
[SourceTitle "playchess.com"]
[Source "ChessBase"]
[SourceQuality "1"]

{[%evp 26,148,0,0,0,0,4,7,2,6,41,42,76,74,87,18,18,8,9,3,46,47,45,45,69,71,114,92,144,151,158,150,167,154,240,223,219,60,324,0,0,0,0,-15,-19,-30,0,0,0,0,0,0,0,-80,0,0,0,-12,-12,-12,-43,-66,-19,-19,-19,-19,-24,-24,0,0,0,0,0,0,0,0,0,-8,-1,-8,-8,-9,-22,-19,0,0,0,0,0,0,0,0,0,0,0,0,0,0,0,0,0,0,0,0,0,0,0,0,0,0,0,0,0,0,0,0,0,0,0,0,0,0,0,0,0]} 1. d4 Nf6 2. c4 e6 3. Nc3 Bb4 4. e3 O-O 5. Bd3 c5 6. Nf3 d5 7. O-O cxd4 8. exd4 dxc4 9. Bxc4 b6 10. Qd3 Bb7 11. Bg5 Nbd7 12. Rfd1 Bxc3 13. bxc3 Qc7 {E54: Nimzo-Indian: Rubinstein: Main Line: 7...dxc4 8 Bxc4} 14. Bb3 {LiveBook: 6 Games} Rfd8 $146 ({Predecessor:} 14... Ne4 15. c4 Nxg5 16. Nxg5 Nf6 17. d5 Qf4 18. Qg3 Qxg3 19. hxg3 h6 20. Nf3 Ne4 21. dxe6 fxe6 {½-½ (80) Milov,V (2683)-Sprenger,J (2477) Port Erin 2004}) 15. c4 Rac8 16. h3 h6 17. Bh4 Be4 18. Qe3 Qb7 19. Ne5 Nxe5 20. dxe5 (20. Bxf6 $1 $16 gxf6 21. dxe5) 20... Rxd1+ $11 21. Rxd1 Nh7 {[%cal Bf6h7,Bh7f8,Bf8g6,Bg6e5,Be5c4][%mdl 32]} 22. f3 Bg6 23. Rd6 Nf8 24. Qd4 Kh7 25. Bf2 Rc7 26. Ba4 $1 Rc8 {[#]} (26... Bf5 $142) 27. Bb5 $1 $16 Bf5 28. a4 Ng6 29. Kh2 Rc5 (29... Rc7 $16 30. a5 bxa5) 30. a5 $18 Nxe5 31. a6 $2 ({White should play} 31. Qc3 $18 Ng6 32. Bxc5 bxc5 33. Qd2) 31... Qc7 $2 {[%mdl 8192] [#]} (31... Qe7 $1 $14) 32. f4 $2 ({White has to play} 32. Bg3 $1 $18) 32... Nxc4 $11 33. Rd7 Qc8 34. Rxf7 {[%csl Gf7][%cal Rd4g7]} e5 35. fxe5 Rxb5 36. e6 {[%csl Gf7][%cal Rd4g7]} Re5 37. Bg3 Bxe6 38. Rxa7 Rg5 $1 {...b5 is the strong threat.} 39. Re7 (39. Rc7 $1 $11 {remains equal.} Qa8 40. h4) 39... Qc6 ({Better is} 39... Bd5 $17 {Threatens to win with ...Nd6!} 40. h4 Qg4 41. Qxg4 Rxg4) 40. a7 Bd5 41. h4 {[#]} Rxg3 $1 42. Kxg3 {[%csl Ge7][%cal Rd4g7]} Qd6+ 43. Qf4 $1 {[%cal Rf4d6] Black must now prevent Qxd6.} Qxe7 44. Qf5+ g6 45. Qxd5 Qxa7 46. Qxc4 {[%mdl 4096] Endgame KQ-KQ} h5 47. Qc6 {The position is equal.} Qa3+ 48. Kh2 $1 Qc5 49. Qd7+ Kh6 50. Qd2+ Kg7 51. Qd7+ Kf6 {With the idea ...b5.} 52. Qd8+ Kf7 {White should prevent ...b5.} 53. Qd7+ Qe7 54. Qd5+ Qe6 55. Qb7+ Kf6 56. Qf3+ Kg7 57. Qb7+ Kh6 58. Qb8 {[%cal Rb8h8]} Qf6 59. g3 Qf2+ 60. Kh3 {[%cal Rb8h8]} Qf5+ 61. Kg2 {[%cal Rb8h8]} Qf6 62. Kh2 Qb2+ 63. Kh3 Qd4 64. Kh2 Kg7 (64... Qd2+ {looks sharper.} 65. Kg1 Qe3+ 66. Kg2 Kg7 67. Qc7+ Kf6) 65. Qc7+ Kf6 66. Qc6+ Kf5 67. Qc8+ Ke5 68. Qe8+ Kd5 69. Qxg6 Qf2+ 70. Kh3 Qf1+ 71. Kh2 Qe2+ 72. Kg1 Qe1+ 73. Kh2 Qe2+ 74. Kg1 Qe1+ {Precision: White = 72%, Black = 53%.} 1/2-1/2

[Event "IOM Open-Masters 2017"]
[Site "Douglas"]
[Date "2017.09.29"]
[Round "7"]
[White "Lampert, Jonas"]
[Black "Rodshtein, Maxim"]
[Result "0-1"]
[WhiteElo "2514"]
[BlackElo "2695"]
[Annotator "TA"]
[PlyCount "76"]
[EventDate "2017.??.??"]
[EventType "swiss"]
[EventCountry "GBR"]
[SourceTitle "playchess.com"]
[Source "ChessBase"]
[SourceQuality "1"]

{[%evp 14,76,40,4,19,9,16,4,18,0,22,9,22,6,8,0,0,0,0,-22,0,0,0,-20,-35,-57,-50,-112,-111,-113,-110,-115,-112,-110,-108,-103,-112,-164,-170,-167,-162,-214,-208,-246,-255,-228,-256,-257,-249,-241,-221,-548,-541,-548,-541,-529,-514,-529,-501,-29963,-29964,-29975,-29976,-29975,-29976]} 1. d4 Nf6 2. c4 e6 3. g3 Bb4+ 4. Bd2 a5 5. Bg2 O-O 6. Nf3 b6 7. O-O Bb7 8. Nc3 h6 {E16: Queen's Indian: 4 g3 Bb7 5 Bg2 Bb4+} (8... d6 9. d5 Re8 10. Nd4 e5 11. Nc2 Bxc3 12. Bxc3 e4 13. Ne3 Nbd7 14. Qc2 Nc5 15. b3 Bc8 16. a3 a4 {0-1 (37) Inarkiev,E (2660)-Morozevich,A (2711) Berlin 2015}) 9. b3 $146 ({Predecessor:} 9. a3 Bxc3 10. Bxc3 d6 11. d5 Ne4 {1-0 (43) Sanchez Rodenas,J (2325)-Otspere,U (2209) ICCF email 2013}) 9... Re8 10. Qc2 d5 {The position is equal.} 11. Rad1 Na6 12. Ne5 Qe7 13. Rfe1 c5 14. cxd5 exd5 {[%cal Be6d5,Bd5e4][%mdl 32]} 15. e3 Rac8 16. Qd3 Bxc3 17. Bxc3 Ne4 18. Bxe4 dxe4 19. Qb5 Nc7 20. Qd7 ({White should play} 20. Qf1 $15) 20... Qxd7 $17 21. Nxd7 Nd5 22. Rc1 {White wants to play dxc5.} Re7 $36 {[%mdl 2048] White is under strong pressure.} 23. Ne5 f6 24. Ng6 Rec7 {Strongly threatening ...cxd4.} 25. Bb2 (25. dxc5 $17 Rxc5 26. Bb2) 25... Nb4 $19 26. Red1 Kf7 ({But not} 26... Nxa2 27. Ra1 $15) 27. Nf4 (27. Nh4 $142) 27... g5 {[%cal Bg7g5,Bg5f4,Bf4f3][%mdl 32]} ({Weaker is} 27... Nxa2 28. Ra1 $14) 28. a3 gxf4 29. axb4 cxb4 {And now ...Rc2 would win.} 30. Rxc7+ Rxc7 {[%mdl 4096] Endgame KRB-KRB} 31. d5 {[#]} f3 $1 32. Bd4 $2 (32. h3 {is a better chance.}) 32... Bxd5 33. Bxb6 Rc6 34. Bxa5 Bxb3 35. Ra1 Rc4 36. Bb6 {[#]} (36. h3 $19 Bc2 37. Bd8) 36... Ba2 $1 {[%mdl 512] Black mates.} 37. Bd4 {[#]} (37. Rxa2 Rc1#) 37... Rxd4 $1 {[%mdl 512]} 38. exd4 b3 {Precision: White = 21%, Black = 67%.} 0-1

[Event "IOM Open-Masters 2017"]
[Site "Douglas"]
[Date "2017.09.29"]
[Round "7"]
[White "Olafsson, Helgi"]
[Black "Granda Zuniga, Julio E"]
[Result "1/2-1/2"]
[WhiteElo "2512"]
[BlackElo "2653"]
[Annotator "TA"]
[PlyCount "34"]
[EventDate "2017.??.??"]
[EventType "swiss"]
[EventCountry "GBR"]
[SourceTitle "playchess.com"]
[Source "ChessBase"]
[SourceQuality "1"]

{[%evp 12,34,2,-4,40,28,32,21,30,26,42,38,56,-1,39,25,30,13,18,0,37,0,29,0,49]} 1. Nf3 d5 2. g3 c6 3. Bg2 Bg4 4. d3 Nd7 5. O-O e6 6. c4 Ngf6 7. cxd5 {LiveBook: 327 Games. A11: English Opening: 1...c6} Nxd5 (7... exd5 8. Nc3 Bc5 9. Qb3 Bb6 10. Na4 O-O 11. Nxb6 axb6 12. Qc2 Re8 13. b3 b5 14. Bb2 Nf8 15. Nd4 Qd7 16. f3 Bh5 17. e4 Bg6 {½-½ (41) Van Wely,L (2674)-Oparin,G (2626) Monzon 2016}) 8. Nc3 Be7 9. h3 {White is slightly better.} Bh5 10. e4 $146 ({Predecessor:} 10. d4 O-O 11. e4 Nxc3 12. bxc3 Kh8 13. Qb3 b6 14. g4 Bg6 15. Nh2 Rc8 16. f4 f6 17. e5 fxe5 18. fxe5 c5 19. Qxe6 cxd4 20. cxd4 {½-½ (70) Manescu,T (2393)-Baratosi,D (2413) Eforie Nord 2009}) 10... Nc7 11. d4 O-O 12. Bf4 (12. g4 $14 Bg6 13. Bf4) 12... Bxf3 (12... e5 $5 13. dxe5 Ne6 $11) 13. Qxf3 Bg5 14. Bd6 Be7 15. Bf4 Bg5 16. Bd6 Be7 17. Bf4 Bg5 $1 1/2-1/2

[Event "IOM Open-Masters 2017"]
[Site "Douglas"]
[Date "2017.09.29"]
[Round "7"]
[White "Praggnanandhaa R"]
[Black "Akobian, Varuzhan"]
[Result "0-1"]
[WhiteElo "2500"]
[BlackElo "2662"]
[Annotator "TA"]
[PlyCount "98"]
[EventDate "2017.??.??"]
[EventType "swiss"]
[EventCountry "GBR"]
[SourceTitle "playchess.com"]
[Source "ChessBase"]
[SourceQuality "1"]

{[%evp 12,98,18,20,39,36,37,36,27,0,0,0,0,0,0,0,9,0,0,0,0,0,0,0,0,0,0,0,0,0,0,0,0,0,0,0,0,0,0,0,0,0,0,0,0,0,3,3,3,3,3,3,25,0,0,-8,-8,-8,-8,-8,-5,0,0,0,0,-6,-2,-193,-175,-408,-406,-388,-383,-517,-604,-366,-529,-480,-443,-889,-880,-1214,-1215,-4943,-1035,-29980,-29981,-29981,-29982]} 1. e4 e6 2. d4 d5 3. Nc3 Nf6 4. Bg5 dxe4 5. Nxe4 Be7 6. Bxf6 gxf6 7. Qd2 b6 {C13: French: Classical System: 4 Bg5 Be7, Alekhine-Chatard Attack} (7... c5 8. Nxc5 Bxc5 9. dxc5 Qxd2+ 10. Kxd2 Ke7 11. Nf3 Rd8+ 12. Ke3 Nd7 13. Rd1 Nxc5 14. Rxd8 Kxd8 15. h4 {½-½ (27) Saric,I (2632)-Ganguly,S (2658) Linares 2017}) 8. O-O-O Bb7 9. Nc3 c6 {White is slightly better.} 10. g3 Nd7 11. Bg2 Qc7 12. f4 f5 13. Nf3 O-O-O 14. Qe3 Kb8 15. Ne5 Nxe5 16. dxe5 h5 $146 ({Predecessor:} 16... Rxd1+ 17. Rxd1 {0-1 (65) Williamson,K (1864)-Knott,S (2383) London 2002}) 17. h4 Rhg8 18. Rxd8+ Bxd8 19. Ne2 c5 20. Bf3 Bxf3 21. Qxf3 Qb7 22. Qxb7+ Kxb7 $11 {[%mdl 4096] Endgame KRB-KRN} 23. Rd1 {Black must now prevent Rd7+.} Kc7 24. Rd3 Be7 25. c4 f6 26. Kd1 Rg4 27. b3 a6 28. a4 Kc6 29. Ke1 Rg8 30. Re3 {Threatens to win with exf6.} Re8 31. Kf2 b5 32. axb5+ axb5 33. Nc3 bxc4 34. bxc4 fxe5 35. fxe5 Rg8 36. Ne2 {aiming for Nf4.} Rg4 $1 37. Kf3 {Strongly threatening Nf4.} Rxc4 38. Nf4 Rc1 39. Nxh5 $2 (39. Ke2 $11 {and White is okay.}) 39... c4 $19 {[%cal Bc5c4,Bc4c3][%mdl 32]} 40. Nf4 $2 (40. Ke2 {was necessary.}) 40... Bc5 41. Re2 {[#]} c3 $1 42. Nd3 Rf1+ 43. Kg2 Rd1 44. Ne1 Kd5 45. h5 (45. Kf3 $142 Bf8 46. Nc2) 45... Bf8 46. g4 fxg4 47. Kg3 Bh6 (47... Rd2 $142 48. Rg2 Bh6) 48. Kxg4 {[#]} Rxe1 $1 {[%mdl 512]} 49. Rxe1 c2 {Precision: White = 56%, Black = 81%.} 0-1

[Event "IOM Open-Masters 2017"]
[Site "Douglas"]
[Date "2017.09.29"]
[Round "7"]
[White "Brown, Michael William"]
[Black "Xiong, Jeffery"]
[Result "0-1"]
[WhiteElo "2499"]
[BlackElo "2633"]
[Annotator "TA"]
[PlyCount "104"]
[EventDate "2017.??.??"]
[EventType "swiss"]
[EventCountry "GBR"]
[SourceTitle "playchess.com"]
[Source "ChessBase"]
[SourceQuality "1"]

{[%evp 18,104,0,0,3,-8,0,0,41,-58,-61,-54,-49,-56,-58,-62,-62,-52,-62,-54,-54,-85,-67,-68,-81,-87,-80,-81,-61,-90,-77,-96,-77,-88,-86,-77,-83,-71,0,-62,-65,-164,-166,-202,-203,-203,-196,-195,-190,-508,-515,-487,-511,-503,-499,-477,-462,-669,-653,-561,-547,-563,-470,-477,-482,-466,-458,-450,-438,-517,-517,-517,-508,-511,-492,-601,-599,-713,-744,-689,-518,-791,-766,-793,-813,-800,-638,-720,-661]} 1. d4 Nf6 2. c4 e6 3. Nc3 Bb4 4. g3 O-O 5. Bg2 d5 6. Nf3 dxc4 7. O-O Nc6 {[%cal Bb8c6,Bc6b4,Bb4d3][%mdl 32]} 8. Qa4 {E20: Nimzoindisch (Seltene Züge)} Nd5 9. Qc2 Be7 10. Rd1 {LiveBook: 13 Partien. Die Stellung ist ausgeglichen.} Ncb4 (10... b6 11. e4 Ndb4 12. Qe2 Ba6 13. Be3 Na5 14. a3 Nd3 15. b4 Nb3 {½-½ (72) Grandelius,N (2644)-Mareco,S (2650) Linares 2017}) 11. Qd2 c5 12. dxc5 Bxc5 $146 ({Vorgänger:} 12... Nxc3 13. bxc3 Nd5 14. Qc2 Qc7 15. Ng5 Nf6 {1-0 (46) Spasov,S (2256)-Hueser,U (2229) ICCF email 2010}) 13. e4 (13. a3 $14 Nc6 14. Na4) 13... Nd3 $15 14. exd5 Nxf2 15. Kf1 $1 Nxd1 16. Qxd1 exd5 17. Qxd5 Qxd5 18. Nxd5 Rd8 19. Ne1 Bg4 20. Bf4 Re8 {[%csl Ge8][%cal Rg4e2] [#]} 21. Nc3 Rad8 22. h3 Bf5 23. Rc1 h5 24. h4 Rd7 $36 {[%mdl 2048] Schwarz hat starke Initiative.} 25. Bf3 Rde7 26. Nc2 b5 27. Kg2 Bg4 ({Besser ist} 27... a5 $17 {zielt auf ...b4 ab.} 28. a3 Bg6) 28. Bxg4 (28. Nxb5 $11 Bxf3+ 29. Kxf3) 28... hxg4 29. a3 (29. Nxb5 $15 Rb7 30. Nc3) 29... a5 $19 {[%cal Ba7a5,Ba5b4][%mdl 32] Droht ...b4 und aus.} 30. Kf1 b4 31. axb4 axb4 32. Na4 Ba7 {...Te2 ist eine echte Drohung.} 33. Re1 $2 {[#]} (33. Nxb4 Re2 34. Nc6 Rf2+ 35. Kg1 Rxf4+ 36. Nxa7) 33... Rxe1+ $1 {Schwarz steht klar auf Gewinn.} 34. Nxe1 Re6 35. b3 cxb3 36. Nd3 Bd4 37. Bc1 (37. Nxb4 $142 b2 38. Nxb2 Bxb2 39. Nd5) 37... Rc6 38. Bb2 Ba7 39. Ke2 f6 40. Kd1 Bb8 41. Nac5 Bxg3 42. Nxb3 Bxh4 43. Nd4 Rc4 44. Ke2 g6 45. Nf4 Kf7 46. Kd3 Rc5 47. Nc2 Bg5 48. Ne2 Rd5+ 49. Bd4 (49. Ned4 $142 g3 50. Ke2) 49... b3 50. Nb4 b2 51. Kc2 Rb5 52. Bc3 f5 {Precision: Weiß = 49%, Schwarz = 86%.} 0-1

[Event "IOM Open-Masters 2017"]
[Site "Douglas"]
[Date "2017.09.29"]
[Round "7"]
[White "Panchanathan, Magesh Chandran"]
[Black "Krishna C R G"]
[Result "1-0"]
[WhiteElo "2481"]
[BlackElo "2367"]
[Annotator "TA RC"]
[PlyCount "55"]
[EventDate "2017.??.??"]
[EventType "swiss"]
[EventCountry "GBR"]
[SourceTitle "playchess.com"]
[Source "ChessBase"]
[SourceQuality "1"]

{[%evp 9,55,41,52,53,75,71,86,77,70,68,63,73,93,93,103,81,76,75,75,68,288,282,265,235,212,212,154,149,158,138,198,181,197,192,190,204,238,233,338,336,350,333,336,335,381,381,513,449]} 1. Nf3 f5 2. d3 {[%cal Bd2d3,Bd3d4][%mdl 32]} d6 3. e4 e5 4. Nc3 Nf6 5. exf5 Bxf5 6. d4 $1 {A04: Unusual lines after 1 Nf3 and King's Indian Attack} e4 7. Nh4 $1 {[%cal Rh4f5]} Qd7 (7... Bg4 8. Be2 Bxe2 9. Qxe2 d5 10. Bg5 Bb4 11. O-O O-O 12. Nf5 Nc6 {½-½ (36) Grischuk,A (2783)-Ponomariov,R (2731) Beijing 2013}) 8. d5 {White is better.} Be7 9. Nxf5 Qxf5 10. Be2 Nbd7 $146 ({Predecessor:} 10... O-O 11. Be3 c5 12. dxc6 Nxc6 13. g4 {1-0 (58) Bolding,K (2190)-Bleunven,A (2250) Chambery 1994}) 11. g4 {[%cal Bg2g4,Bg4g5][%mdl 32]} Qe5 12. g5 Ng8 13. Bb5 {Hoping for Qg4.} O-O-O 14. Qg4 $36 {[%mdl 2048] White has the initiative.} a6 $2 (14... g6 $14) 15. Bf4 $18 Qd4 16. Be3 Qe5 17. Bxd7+ $1 Rxd7 18. O-O-O {[%cal Ba1d1,Bd1d4,Bd4e4,Be4f4,Bf4f7,Bf7g7][%mdl 32] Threatens to win with Rd4.} ({But not} 18. Qxe4 h6 $14) 18... h5 19. Qg2 h4 (19... Qf5 $16 {keeps fighting.} 20. Qxe4 (20. Nxe4 Qg4 $16) 20... Qxe4 21. Nxe4 Bf8) 20. Rd4 Bd8 21. Rxe4 Qf5 {[#]} 22. Rg1 $1 Ne7 {[#]} 23. Rf4 $1 {[%cal Rf4f5]} Qe5 (23... Qh7 $142 24. Qh3 Qg6) 24. Qg4 {Bd4 is the strong threat.} Ng6 25. Rf7 Qe8 {White must now prevent ...Ne5.} 26. Rxg7 $1 Ne5 27. Qh3 Be7 28. Ne4 {Precision: White = 90%, Black = 50%.} 1-0

[Event "IOM Open-Masters 2017"]
[Site "Douglas"]
[Date "2017.09.29"]
[Round "7"]
[White "Khmelniker, Ilya"]
[Black "Bellin, Robert"]
[Result "1/2-1/2"]
[WhiteElo "2480"]
[BlackElo "2344"]
[Annotator "TA"]
[PlyCount "91"]
[EventDate "2017.??.??"]
[EventType "swiss"]
[EventCountry "GBR"]
[SourceTitle "playchess.com"]
[Source "ChessBase"]
[SourceQuality "1"]

{[%evp 17,91,16,58,7,0,-19,6,10,5,2,13,0,60,60,56,61,60,60,109,109,102,116,117,111,116,106,116,112,112,110,123,118,123,114,113,126,120,111,124,119,113,106,103,84,124,106,118,59,87,92,106,33,52,0,0,0,75,69,102,84,84,84,84,84,84,84,116,116,124,0,124,0,0,0,0,-12]} 1. d4 e6 2. c4 Bb4+ 3. Bd2 Bxd2+ 4. Qxd2 Nf6 5. g3 d5 6. Bg2 O-O 7. Nf3 Qe7 8. O-O Rd8 9. Qc2 Nc6 {LiveBook: 31 Partien} 10. Nc3 {E11: Damenindisch (Bogoljubow-Variante)} ({Lieber} 10. Rd1 $14) (10. cxd5 exd5 11. Rc1 Ne4 12. Nc3 Nb4 13. Qa4 c6 14. a3 Na6 15. e3 Nd6 16. b4 Nc7 17. Qb3 Be6 {0-1 (40) Prohaszka,P (2604)-Cori Tello,J (2601) Escaldes 2016}) 10... dxc4 $11 11. Rad1 Rb8 $146 ({Vorgänger:} 11... Nb4 12. Qc1 Nd7 13. a3 Nd5 14. e4 Nxc3 15. Qxc3 b5 16. Qa5 Bb7 17. Rfe1 Nf6 18. Qxb5 Bxe4 19. Qxc4 {0-1 (59) Simonian,T (2247)-Purtseladze,M (2327) Tbilisi 2009}) 12. Qa4 b5 13. Nxb5 Bd7 $1 {...Sb4 ist eine echte Drohung.} 14. Nxa7 Qe8 (14... Nxd4 $11 15. Qxc4 Rb4 16. Qxc7 Nd5 17. Nxd4 (17. Qe5 Nxf3+ 18. Bxf3 f6 $11) 17... Nxc7) 15. Nxc6 $14 Bxc6 16. Qxc4 Rxb2 17. Rd2 Bd5 18. Qxc7 Rxd2 19. Nxd2 Bxg2 20. Kxg2 Rxd4 21. Nf3 Nd5 22. Qe5 Rb4 23. Rd1 {Schwarz muss nun Txd5 beachten.} Qa8 24. e4 Nf6 25. Qc7 $1 {Weiss droht Td8+ und Matt.} Rb8 26. Rd4 $1 h6 27. Ne5 Rf8 28. Qc2 Rc8 29. Qa4 Qb7 30. Qb3 Qa6 31. Ra4 Qe2 32. Qd3 (32. Qb7 $16 Rf8 33. h3) 32... Qb2 33. Qd4 $1 {[%cal Rd4b2]} Qe2 34. Nd3 ({Besser ist} 34. Qa7 $1 $16) 34... Qd2 35. Rc4 (35. h3 $14) 35... Rxc4 $11 36. Qxc4 Qe2 {[#]} (36... Ng4 $11 {hält das Gleichgewicht.} 37. Kg1 Qd1+ 38. Kg2 Qd2) 37. Ne5 $1 $36 {[%mdl 2048] Schwarz steht unter Druck.} Qe1 38. f3 Qa5 39. Qc8+ Kh7 40. Nxf7 Qxa2+ 41. Kh3 {jetzt Dh8+ und aus.} Kg6 42. Ne5+ Kh7 43. Nf7 {Weiss will mit Dh8+ Matt setzen.} Kg6 {[#]} 44. Nd8 (44. Qc4 $1 $16 {Beabsichtigt Se5+ und Matt.} Qxc4 45. Ne5+ Kh5 46. Nxc4) 44... Qe2 $11 45. Qxe6 {[%csl Ge4][%cal Re6f5]} Qxf3 46. Qf5+ {Precision: Weiß = 63%, Schwarz = 60%.} 1/2-1/2

[Event "IOM Open-Masters 2017"]
[Site "Douglas"]
[Date "2017.09.29"]
[Round "7"]
[White "Salomon, Johan"]
[Black "Bok, Benjamin"]
[Result "1/2-1/2"]
[WhiteElo "2476"]
[BlackElo "2620"]
[Annotator "TA"]
[PlyCount "60"]
[EventDate "2017.??.??"]
[EventType "swiss"]
[EventCountry "GBR"]
[SourceTitle "playchess.com"]
[Source "ChessBase"]
[SourceQuality "1"]

{[%evp 13,60,-3,0,4,14,14,33,5,4,0,-4,-6,-18,-10,-5,-12,0,-44,-15,-22,-20,-24,0,-37,-11,-22,-8,-29,-4,-10,16,-10,0,0,0,-8,16,0,18,22,11,-28,0,0,-3,0,-4,-35,0]} 1. Nf3 g6 2. e4 d6 3. d4 Nf6 4. e5 dxe5 5. Nxe5 Bg7 6. Bc4 O-O 7. O-O Nbd7 {[%cal Bb8d7,Bd7b6,Bb6d5][%mdl 32] LiveBook: 9 Games} 8. c3 {B06: Modern Defence} c6 (8... c5 9. h3 cxd4 10. cxd4 Nb6 11. Bb3 Nbd5 12. Nc3 Be6 13. Bg5 Nc7 14. Re1 Bd5 15. Nxd5 Nfxd5 {½-½ (35) Fridman,D (2597)-Mista,A (2588) Germany 2016}) 9. Bf4 {[%cal Bc1f4,Bf4g3,Bg3h4,Bh4g5][%mdl 32]} Nb6 $146 ({Predecessor:} 9... Nd5 10. Nxd7 Bxd7 11. Bg3 Rc8 12. Nd2 Nb6 13. Bb3 {½-½ (57) Gomez Esteban,J (2495)-Cacho Reigadas,S (2469) Villava 2009}) 10. Be2 {White is slightly better.} Nbd5 11. Bg3 Ne4 {[%cal Bf6e4,Be4d6,Bd6f5][%mdl 32]} 12. Bh4 Nd6 13. Nd3 Nf5 14. Bg5 b6 15. Na3 h6 (15... f6 $5 {[%cal Rf6g5]} 16. Bd2 e5 $11) 16. Bc1 Bb7 17. Re1 Qc7 18. Bf1 Rad8 19. Bd2 Rfe8 20. Qa4 a6 21. Rad1 e6 22. Qb3 Ba8 23. Bc1 a5 24. Nc4 h5 25. Nd2 c5 26. dxc5 bxc5 27. Qc4 Rc8 {[#] aiming for ...Nb6.} 28. Ne4 {[%cal Rc4c5]} Nd6 29. Nxd6 Qxd6 30. Nf4 Qc7 {Precision: White = 43%, Black = 36%.} 1/2-1/2

[Event "IOM Open-Masters 2017"]
[Site "Douglas"]
[Date "2017.09.29"]
[Round "7"]
[White "Batsiashvili, Nino"]
[Black "Eljanov, Pavel"]
[Result "0-1"]
[WhiteElo "2472"]
[BlackElo "2734"]
[Annotator "TA"]
[PlyCount "136"]
[EventDate "2017.??.??"]
[EventType "swiss"]
[EventCountry "GBR"]
[SourceTitle "playchess.com"]
[Source "ChessBase"]
[SourceQuality "1"]

{[%evp 12,136,11,12,15,12,16,20,7,8,16,0,8,0,10,0,0,-20,5,7,15,-17,0,0,0,-1,15,0,2,-8,0,0,0,-28,-16,-34,-26,-39,-37,-36,-29,-31,-31,-34,-33,-27,-24,-49,-39,-35,-23,-29,-25,-22,53,-6,0,-19,-44,-31,-32,-34,-41,-40,-49,-66,-65,-63,-58,-80,-70,-65,-71,-60,-87,-97,-8,-8,-8,-8,-8,-8,-8,-8,0,-8,-8,-8,-8,-8,-8,-8,-8,-8,-8,-8,-8,-592,-356,-29959,-29960,-29960,-29961,-29959,-29960,-29962,-29963,-29966,-29968,-29969,-29963,-29962,-29963,-29962,-29960,-29960,-29961,-29954,-29960,-29960,-29962,-29960,-29959,-29940,-11639,-5738,-5626]} 1. d4 Nf6 2. c4 e6 3. Nc3 Bb4 4. Nf3 b6 5. e3 O-O 6. Bd3 d5 7. O-O Ba6 {E52: Nimzo-Indian: Rubinstein: 4...0-0 5 Nf3 d5 6 Bd3 b6} 8. cxd5 exd5 9. Bxa6 Nxa6 {The position is equal.} 10. Bd2 Qc8 11. Rc1 Qb7 12. Qa4 Rac8 $146 ({Predecessor:} 12... Rfe8 13. Rfd1 Bf8 14. Be1 Nb8 15. b4 {0-1 (69) Brunner,N (2469)-Safarli,E (2694) Novi Sad 2016}) 13. Rfd1 c6 14. Ne2 Be7 15. Ng3 Rfe8 16. Bc3 Bf8 17. Ne5 g6 18. b4 h5 19. f3 Nb8 {[%cal Ba6b8,Bb8d7,Bd7b6,Bb6c4][%mdl 32]} 20. Re1 Bg7 21. Ba1 b5 22. Qb3 Nbd7 23. a4 Nb6 24. axb5 cxb5 25. Rxc8 Rxc8 26. Nd3 Re8 27. Nc5 Qa8 28. Qd3 Nc4 29. e4 h4 30. Nf1 h3 31. e5 hxg2 32. Ng3 Qc6 ({Black should play} 32... Bh6 $11) 33. Bc3 ({Better is} 33. f4 $1 $14) 33... Nd7 $1 $11 34. f4 Nxc5 35. dxc5 {[#]} a5 $1 {[%mdl 512]} 36. Ne2 (36. bxa5 Bf8) 36... axb4 37. Bxb4 Bf8 $36 {[%mdl 2048] White must now prevent ...Ra8. Black has the initiative.} 38. Qd4 Rc8 {[%cal Rf8c5]} 39. Kxg2 Bxc5 40. Bxc5 Qxc5 41. Qxc5 Rxc5 $15 {[%mdl 4096] Endgame KRN-KRN} 42. Nd4 Na3 43. e6 {e7 is the strong threat.} fxe6 ({Inferior is} 43... Nc2 44. Re2 $16) (43... Kf8 $1 $17 {Hoping for ...Rc4.} 44. Re5 b4) 44. Rxe6 $11 Rc4 45. Rxg6+ Kf7 46. Ra6 Rxd4 47. Rxa3 {KR-KR} b4 48. Ra6 Rxf4 49. Rb6 Ke7 {Threatening ...Kd7.} 50. Kg3 Re4 {next ...Kd7 is good for Black.} 51. h4 Kd7 {Black wants to play ...Kc7.} 52. h5 Kc7 53. Rf6 b3 {[%cal Bb4b3,Bb3b2][%mdl 32] White should prevent ...d4.} 54. Rf1 $2 {[%mdl 8192]} (54. h6 $1 $11 {and White has nothing to worry.}) 54... Kd6 $19 55. Rc1 $2 (55. Rb1 $19 Re3+ 56. Kg4) 55... b2 56. Rb1 Rb4 57. h6 Rb7 58. h7 Rxh7 59. Rxb2 Rf7 60. Rb1 Kc5 61. Rc1+ Kb4 62. Rd1 Kc4 63. Rc1+ Kb3 $1 64. Rd1 {[#]} Rd7 $1 65. Kf2 Kc2 66. Rd4 Kc3 67. Ra4 {[#]} Re7 $1 68. Ra3+ Kb4 {Precision: White = 48%, Black = 64%.} 0-1